Obra completa

Salvato in:
Dettagli Bibliografici
Autore principale: Lautréamont, Conde de (Autore)
Natura: Libro
Lingua:francese
spagnolo
Pubblicazione: Madrid Akal 1988
Serie:Akal Bolsillo, 129
Soggetti:
Tags: Aggiungi Tag
Nessun Tag, puoi essere il primo ad aggiungerne!!

MARC

LEADER 00000nam a2200000 a 4500
001 UCR9043
003 CL-VaPUC
008 980613e19880000SP |||||||||||||||||fre|d
041 0 7 |a fre  |2 CL-VaPUC 
041 0 7 |a spa  |2 CL-VaPUC 
082 0 4 |a 841  |b LAU  |2 21 
100 |a Lautréamont, Conde de  |e author  |9 860132 
245 1 0 |a Obra completa 
300 |a 654 p 
942 |c BK 
945 |d 19980613 00:00:00  |a aalvarez 
260 |a Madrid  |b Akal  |c 1988 
650 0 |a Poesías francesas  |9 265467 
583 |a last modification  |c 19980613 00:00:00  |k Rodrigo Vera 
490 0 |a Akal Bolsillo, 129 
999 |c 270291  |d 270289